logo

Bir Sreshtho Munshi Abdur Rouf Library
Jhenaidah Cadet College

বেঙ্গল প্যাক্ট থেকে বঙ্গবন্ধুর ৭ই মার্চের ভাষণ : (Record no. 13067)

MARC details
000 -LEADER
fixed length control field 00962nam a2200229 a 4500
001 - CONTROL NUMBER
JCCL Control Number 13067
003 - CONTROL NUMBER IDENTIFIER
JCCL marc code BD-JhCC
005 - DATE AND TIME OF LATEST TRANSACTION
control field 20230617113546.0
008 - FIXED-LENGTH DATA ELEMENTS--GENERAL INFORMATION
fixed length control field 230616b2017 bg |||| ||a| 00| 0 ben d
020 ## - INTERNATIONAL STANDARD BOOK NUMBER
International Standard Book Number 9789849268253
035 ## - SYSTEM CONTROL NUMBER
system control number (BD-JhCC)13067
040 ## - CATALOGING SOURCE
Original cataloging agency BD-JhCC
Modifying agency BD-JhCC
041 ## - LANGUAGE CODE
Language code of Book Bengali
082 ## - DEWEY DECIMAL CLASSIFICATION NUMBER
Author mark and Year BEN 2017
Classification number 302.2
245 ## - TITLE STATEMENT
Title বেঙ্গল প্যাক্ট থেকে বঙ্গবন্ধুর ৭ই মার্চের ভাষণ :
Remainder of title বাংলাদেশের মুক্তিসংগ্রামের কয়েকটি গুরুত্বপূর্ণ দলিল /
Statement of responsibility, etc সম্পা: আফজালুল বাসার।
260 ## - PUBLICATION, DISTRIBUTION, ETC. (IMPRINT)
Place of publication, distribution, etc ঢাকা:
Name of publisher, distributor, etc বাঙ্গালীর উন্নত ভবিষ্যৎ;
Date of publication, distribution, etc 2017.
300 ## - PHYSICAL DESCRIPTION
Pagination 176 p. :
Dimensions 22 cm.
600 ## - SUBJECT ADDED ENTRY--PERSONAL NAME
Personal name Rahaman, Shek Mujibur
650 ## - SUBJECT ADDED ENTRY--TOPICAL TERM
Topical term or geographic name as entry element Speech
700 ## - ADDED ENTRY--PERSONAL NAME
Personal name বাসার, আফজালুল
942 ## - ADDED ENTRY ELEMENTS (KOHA)
Source of classification or shelving scheme Dewey Decimal Classification
Koha item type Books
Holdings
Source of classification or shelving scheme Damaged status Not for loan Home library Current library Shelving location Date of accession Cost, normal purchase price Full call number Barcode Date last seen Copy number Method of acquisition Koha item type Currency
Dewey Decimal Classification     JCC Rouf Library JCC Rouf Library General Stacks 06/16/2023 300.00 302.2 BEN 2017 17910 06/16/2023 C-1 Purchase Books BDT

JCC Library | Contacts | JCC Home

Last Update on 23 September 2017
Copyright @ 2017-2020 JCC Rouf Library
Rouf Library, Jhenidah Cadet College (JCC), Bangladesh